000 00845nam a2200229 i 4500
001 126183
003 ES-MaACL
005 20230906192754.0
007 t|
008 070214s1960 sp |||| | spa d
080 _a616:159.9
245 0 3 _aLa relajación
_b: aspectos teóricos y prácticos /
_cChertok... [et al.] ; versión... por los Dres. A. Fernández y R. Thomas Mendaza, de la segunda edición francesa, publicada bajo la dirección de los Sres. P. Abonlker, L. Chertok, M. Sapir.
260 _aMadrid :
_bCultura Clásica Moderna,
_c1960.
300 _a203 p. ;
_c23 cm.
650 4 _aRelajación.
_9149364
700 1 _aChertok, Leon.
_9165268
700 1 _aFernández, A.
_949326
700 1 _aThomas Mendaza, Rafael.
_9110054
700 1 _aAbonlker, P.
_918111
700 1 _aSapir, M.
_9103721
852 _aES-MaACL
_jC-18245
999 _c126183
_d126183